Prakrit and the language order of premodern India / (Record no. 168508)

MARC details
000 -LEADER
fixed length control field 00642nam a22001937a 4500
005 - DATE AND TIME OF LATEST TRANSACTION
control field 20191011155137.0
010 ## - LCCN (DPL NO)
LC control number ENG-126653
020 ## - INTERNATIONAL STANDARD BOOK NUMBER
International Standard Book Number 9789386552952
Terms of availability 1250.00
035 ## - SYSTEM CONTROL NUMBER
System control number EN-110185
037 ## - SOURCE OF ACQUISITION
Source of stock number/acquisition DBAD/PUB
082 ## - DEWEY DECIMAL CLASSIFICATION NUMBER
Classification number 491.3
100 ## - MAIN ENTRY--PERSONAL NAME
Personal name Ollet, Andrew
245 ## - TITLE STATEMENT
Title Prakrit and the language order of premodern India /
Statement of responsibility, etc by Andrew Ollett
260 ## - PUBLICATION, DISTRIBUTION, ETC. (IMPRINT)
Place of publication, distribution, etc New Delhi
Name of publisher, distributor, etc Primus Books, An imprint of Ratna Sagar
Date of publication, distribution, etc 2019
270 ## - ADDRESS
Address Virat Bhavan
City Mukherjee Nagar Commercial Complex
Postal code 110009
300 ## - PHYSICAL DESCRIPTION
Extent xi;308p.
Dimensions 24cm(Hb)
500 ## - GENERAL NOTE
General note Includes bibliographical references and index
942 ## - ADDED ENTRY ELEMENTS (KOHA)
Source of classification or shelving scheme Dewey Decimal Classification
Item type English Books
Classification part 491.3
Call number suffix OLL
Holdings
Withdrawn status Lost status Not for loan Collection code Home library Current library Date acquired Source of acquisition Cost, normal purchase price Full call number Barcode Copy number Cost, replacement price Koha item type
      Non-fiction Sarojini Nagar Sarojini Nagar 11/10/2019 DBAD/PUB 1250.00 491.3 OLL EN-110185 1 1250.00 English Books

© Delhi Public Library
Hit Counter
free hit counter